000 00756nam a2200229 i 4500
001 140567
003 ES-MaACL
005 20250910213843.0
007 t|
008 070214s1966 sp r ||||1| cat d
080 _a821.134.2 Blasco Ibáñez, Vicente 1.06
100 1 _aSebastià Domingo, Enric.
_9105003
245 1 0 _aValencia en les novel.les de Blasco Ibáñez /
_cEnric Sebastià Domingo ; próleg de Joan Regla.
260 _aValencia :
_bL'Estel,
_c1966.
300 _a127 p. ;
_c21 cm.
490 1 _aTaronja
600 1 4 _aBlasco Ibáñez, Vicente,
_d1867-1928-
_xCrítica e interpretación
_929390
700 1 _aReglá, Juan,
_d1917-1973
_995897
830 1 _aTaronja
_9220337
852 _aES-MaACL
_jC-30716
999 _c140567
_d140567